Statistics for Finish the rap title #2

Click here to take the quiz!

General Stats

  • This quiz has been taken 26 times
  • The average score is 7 of 17

Answer Stats

ArtistTitleLast Word in Title% Correct
EminemMy NameIs
95%
DrakeOneDance
81%
Roddy RicchTheBox
76%
NLE ChoppaShottaFlow
62%
Snoop DoggGin NJuice
62%
Ski Mask The Slump GodFaucetFailure
52%
Meek MillGoingBad
48%
J. Colep r i d e . i s . t h e .devil
48%
Kendrick LamarAll TheStars
38%
DaveThiagoSilva
33%
Playboi CartiOn ThatTime
33%
Jay-ZHeart of TheCity
24%
Post MaloneGoFlex
24%
MF DOOMRhymes LikeDimes
19%
Dr. DreTheWatcher
14%
StormzyPopBoy
10%
DiddyI Need AGirl
10%

Score Distribution

Percentile by Number Answered

Percent of People with Each Score

Your Score History

You have not taken this quiz